History from things : essays on material culture
Αποθηκεύτηκε σε:
| Άλλοι συγγραφείς: | , |
|---|---|
| Μορφή: | Βιβλίο |
| Γλώσσα: | English |
| Δημοσίευση: |
Washington :
Smithsonian Institution Press,
c1993.
|
| Θέματα: | |
| Ετικέτες: |
Προσθήκη ετικέτας
Δεν υπάρχουν, Καταχωρήστε ετικέτα πρώτοι!
|
MARC
| LEADER | 00000cam a2200000 i 4500 | ||
|---|---|---|---|
| 001 | 1/82042 | ||
| 008 | 080411s1993 wau| ||| |||| ||eng|| | ||
| 020 | |a 9781560986133 | ||
| 020 | |a 1560986131 | ||
| 035 | |l 10096579 | ||
| 040 | |a GR-MyUa |b gre |e AACR2 | ||
| 041 | 0 | |a eng | |
| 082 | 7 | |a 930.1 |2 (22) | |
| 245 | 0 | 0 | |a History from things : |b essays on material culture / |c edited by Steven Lubar and W. David Kingery. |
| 260 | |a Washington : |b Smithsonian Institution Press, |c c1993. | ||
| 300 | |a xvii, 300 σ. : |b εικ. ; |c 23 εκ. | ||
| 504 | |a Περιλαμβάνει βιβλιογραφίες. | ||
| 650 | 0 | |a Archaeology and history. | |
| 650 | 0 | |a Material culture. | |
| 700 | 1 | |a Lubar, Steven D. |e edt | |
| 700 | 1 | |a Kingery, W. D. |e edt | |
| 852 | |a INST |b SYROS |e 20080411 |h 930.1 HIS |p 005500006135 |q 005500006135 |t BK |y 0 | ||
| 901 | |a BIBL5-2008-1 | ||
| 922 | |a 5ΕΛΗ |b 200803 |c ΕΠΕΑΕΚ2/ΤΜΣΠΣ |d Ελευθερουδάκης | ||
| 970 | |a Καγιαβά |b Ειρήνη |z 11/04/2008 | ||